| 000 | 00869nam a22002657a 4500 | ||
|---|---|---|---|
| 999 |
_c6663 _d6663 |
||
| 003 | AR-CdUCM | ||
| 008 | 190319b ||||| |||| 00| 0 spa d | ||
| 020 | _a84-241-2041-8 | ||
| 040 |
_aMUNICIPALIDAD PROVINCIAL DEL CUSCO _cBIBLIOTECA MUNICIPAL DEL CUSCO |
||
| 041 | _hfre | ||
| 082 |
_a643.7 / _bB84 |
||
| 100 |
_aBrosse, J. _918745 |
||
| 245 |
_aEnciclopedia vivir mejor : _brespiración - relajación - sofrología - alimentación sana - salud natural - masajes - footing ... / |
||
| 260 |
_aEspaña : _bEverest, _c1982. |
||
| 300 |
_a573 páginas ; _bilustraciones ; _c21 cm. |
||
| 440 |
_aVivir mejor. _918746 |
||
| 650 |
_aMedicina alternativa _918747 |
||
| 650 |
_aSalud _98684 |
||
| 650 |
_aEnciclopedia _918075 |
||
| 700 |
_aChauchard, P. _918748 |
||
| 700 |
_aCrépon, P. _918749 |
||
| 700 |
_aElliott, F. _918750 |
||
| 942 |
_2ddc _cLIBROS |
||
| 945 | _azta | ||